Statistics for Biggest US Metro Areas in the South

Click here to take the quiz!

General Stats

  • This quiz has been taken 62 times
  • The average score is 72 of 100

Answer Stats

#PopulationCityState% Correct
46,173,008MiamiFL
100%
56,087,762AtlantaGA
98%
17,694,138DallasTX
98%
27,154,478HoustonTX
98%
151,425,375Oklahoma CityOK
98%
63,243,963TampaFL
98%
36,324,629WashingtonDC
98%
112,295,303AustinTX
96%
72,800,189BaltimoreMD
96%
211,091,921BirminghamAL
96%
40589,082JacksonMS
96%
201,268,993LouisvilleKY
96%
171,348,678MemphisTN
96%
191,272,258New OrleansLA
96%
92,639,374OrlandoFL
96%
161,420,376RaleighNC
96%
181,303,469RichmondVA
96%
26858,571Baton RougeLA
93%
82254,145CharlestonWV
93%
30819,705CharlestonSC
93%
82,684,276CharlotteNC
93%
29846,399El PasoTX
93%
141,587,892JacksonvilleFL
93%
96203,943JacksonvilleNC
93%
24878,124KnoxvilleTN
93%
121,961,232NashvilleTN
93%
102,590,732San AntonioTX
93%
131,779,824Virginia BeachVA
93%
28847,397ColumbiaSC
91%
33746,564Little RockAR
91%
63372,583MontgomeryAL
91%
221,006,411TulsaOK
91%
53428,692MobileAL
89%
44520,391LexingtonKY
87%
57395,983SavannahGA
87%
38614,312AugustaGA
85%
32776,363GreensboroNC
85%
41569,931ChattanoogaTN
83%
49481,681HuntsvilleAL
83%
77277,681LaredoTX
83%
37652,542DurhamNC
80%
42548,634FayettevilleAR
80%
43529,252FayettevilleNC
80%
23932,705GreenvilleSC
80%
59392,404ShreveportLA
80%
80265,761AmarilloTX
78%
67326,364LubbockTX
78%
25875,200McAllenTX
78%
54424,180BrownsvilleTX
76%
52430,906Corpus ChristiTX
76%
48489,759LafayetteLA
76%
86229,900MaconGA
76%
61389,599TallahasseeFL
76%
36679,948Winston-SalemNC
76%
31790,767Cape CoralFL
74%
46511,503PensacolaFL
74%
51466,634AshevilleNC
72%
93206,591GainesvilleGA
72%
66332,317GainesvilleFL
72%
35679,948Daytona BeachFL
70%
56418,963GulfportMS
70%
45514,488Myrtle BeachSC
70%
78277,005WacoTX
70%
73301,284WilmingtonNC
70%
34744,552LakelandFL
67%
83253,211TuscaloosaAL
67%
90214,759AthensGA
65%
69322,658ColumbusGA
65%
71313,784RoanokeVA
65%
27854,684SarasotaFL
65%
65354,085HuntingtonWV
63%
47499,274Port St LucieFL
63%
84250,434Fort SmithAR
61%
39608,459Palm BayFL
61%
100183,679MidlandTX
59%
62373,513OcalaFL
57%
68326,205SpartanburgSC
54%
60391,310BeaumontTX
48%
89219,910CharlottesvilleVA
48%
70314,364ClarksvilleTN
48%
94204,540Johnson CityTN
48%
72308,183KingsportTN
48%
91210,313Lake CharlesLA
48%
81264,386LynchburgVA
48%
85235,806TylerTX
48%
79268,224College StationTX
46%
50468,453KilleenTX
46%
58392,973NaplesFL
43%
95204,097FlorenceSC
39%
55423,481SalisburyMD
39%
88227,244Hilton HeadSC
37%
97198,836MonroeLA
37%
74291,144HagerstownMD
35%
75289,468CrestviewFL
28%
99188,060Warner RobbinsGA
26%
64370,266HickoryNC
24%
92207,455HoumaLA
24%
76287,105LongviewTX
24%
98194,711Punta GordaFL
20%
87229,287DaphneAL
15%

Score Distribution

Percentile by Number Answered

Percent of People with Each Score

Your Score History

You have not taken this quiz